[Event "Midland Ch Forrest Cup"]
[Site "Derby"]
[Date "1994.03.19"]
[Round "2"]
[White "Jackson, Oliver A"]
[Black "Archer-Lock, Christopher J"]
[Result "1/2-1/2"]
[WhiteElo "2176"]
[BlackElo "2008"]
[PlyCount "80"]
[EventDate "1994.03.18"]
[EventType "swiss"]
[EventRounds "6"]
[EventCountry "ENG"]
[SourceTitle "BritBase"]
[Source "John Saunders"]
[SourceDate "2022.11.28"]
[SourceVersion "1"]
[SourceVersionDate "2022.08.23"]
[SourceQuality "1"]

1. e4 e6 2. d4 d5 3. Nc3 dxe4 4. Nxe4 Nd7 5. Nf3 Ngf6 6. Bd3 Nxe4 7. Bxe4 Nf6
8. Bg5 h6 {(The bulletin gives 8...h5 but this looks improbable)} 9. Bxf6 Qxf6
10. Qe2 Bd6 11. O-O O-O 12. c4 c6 13. Rad1 Re8 14. a3 a5 15. c5 Bc7 16. Ne5 g6
17. Rd3 Bxe5 18. dxe5 Qxe5 19. Rh3 Kg7 20. Qe3 Rh8 21. b3 f5 22. f4 Qxe4 23.
Qc3+ e5 24. Rd3 Be6 25. Re1 Qxf4 26. Rxe5 Kf7 27. Rxe6 Kxe6 28. Rd6+ Qxd6 29.
cxd6 g5 30. Qg7 Kxd6 31. Qxb7 Rhe8 32. Qg7 Re6 33. Qd4+ Kc7 34. Qg7+ Kb6 35. h3
Rd8 36. b4 axb4 37. Qb2 f4 38. Qxb4+ Kc7 39. Qa5+ Kd7 40. Qf5 Ke7 1/2-1/2

[Event "Midland Ch Forrest Cup"]
[Site "Derby"]
[Date "1994.03.19"]
[Round "2"]
[White "Ledger, Dave J"]
[Black "McSheehy, Nigel AP"]
[Result "1-0"]
[WhiteElo "2272"]
[BlackElo "1992"]
[PlyCount "47"]
[EventDate "1994.03.18"]
[EventType "swiss"]
[EventRounds "6"]
[EventCountry "ENG"]
[SourceTitle "BritBase"]
[Source "John Saunders"]
[SourceDate "2022.11.28"]
[SourceVersion "1"]
[SourceVersionDate "2022.08.23"]
[SourceQuality "1"]

1. Nf3 Nf6 2. g3 b5 3. Bg2 Bb7 4. O-O e6 5. d3 d5 6. Nbd2 Be7 7. e4 O-O 8. e5
Ne8 9. Re1 c5 10. Nf1 Nd7 11. h4 h5 12. Ng5 g6 13. g4 hxg4 14. Qxg4 Ng7 15. Ng3
Re8 16. h5 Nf8 17. hxg6 Nxg6 18. Nh5 Bc8 19. Nh3 Nxh5 20. Qxh5 Bf8 21. Bg5 Be7
22. Re3 Bxg5 23. Nxg5 Kf8 24. Rf3 1-0

[Event "Midland Ch Forrest Cup"]
[Site "Derby"]
[Date "1994.03.19"]
[Round "2"]
[White "Nohre, Hakan VP"]
[Black "Herrington, Jerry"]
[Result "1/2-1/2"]
[WhiteElo "2048"]
[BlackElo "1816"]
[PlyCount "103"]
[EventDate "1994.03.18"]
[EventType "swiss"]
[EventRounds "6"]
[EventCountry "ENG"]
[SourceTitle "BritBase"]
[Source "John Saunders"]
[SourceDate "2022.11.28"]
[SourceVersion "1"]
[SourceVersionDate "2022.08.23"]
[SourceQuality "1"]

1. e4 c5 2. Nc3 d6 3. g3 Nc6 4. Bg2 Nf6 5. Nge2 Bg4 6. h3 Bh5 7. d3 e6 8. f4
Bxe2 9. Nxe2 Be7 10. c3 O-O 11. Be3 Qc7 12. O-O Rad8 13. Kh2 d5 14. e5 Nd7 15.
d4 b5 16. f5 cxd4 17. cxd4 Qb6 18. Qd2 Kh8 19. Rad1 a6 20. Nf4 Rde8 21. Qe2 Bg5
22. Bg1 Ne7 23. fxe6 fxe6 24. Qg4 Bxf4 25. Rxf4 Ng6 26. Rxf8+ Ndxf8 27. Bf1 Qa5
28. a3 Qa4 29. Bd3 Qb3 30. Qe2 Rc8 31. Be3 Ne7 32. Rf1 Kg8 33. Bg5 Nf5 34. Rxf5
exf5 35. Bxf5 Re8 36. e6 g6 37. Bc2 Qc4 38. Qxc4 dxc4 39. d5 Nxe6 40. dxe6 Rxe6
41. Bd1 Kf7 42. Bf3 Re5 43. Bd2 Ke7 44. Bc3 Re3 45. Kg2 Kd7 46. Kf2 Rd3 47. Be4
Rd1 48. h4 Kc7 49. Ba5+ Kb8 50. g4 Ka7 51. Ke3 Rf1 52. Bd5 1/2-1/2

[Event "Midland Ch Forrest Cup"]
[Site "Derby"]
[Date "1994.03.19"]
[Round "2"]
[White "Simpson, John W"]
[Black "Ledger, Andrew J"]
[Result "0-1"]
[WhiteElo "1992"]
[BlackElo "2376"]
[PlyCount "52"]
[EventDate "1994.03.18"]
[EventType "swiss"]
[EventRounds "6"]
[EventCountry "ENG"]
[SourceTitle "BritBase"]
[Source "John Saunders"]
[SourceDate "2022.11.28"]
[SourceVersion "1"]
[SourceVersionDate "2022.08.23"]
[SourceQuality "1"]

1. e4 c6 2. d4 d5 3. e5 Bf5 4. Nc3 Qb6 5. g4 Bd7 6. h3 e6 7. Nce2 c5 8. c3 Nc6
9. f4 h5 10. Bg2 Rc8 11. Nf3 hxg4 12. hxg4 Rxh1+ 13. Bxh1 Nh6 14. Nh2 cxd4 15.
cxd4 Nb4 16. Kf2 Bb5 17. Nc3 Ba6 18. Kg3 Nd3 19. Nf3 Nxb2 20. Qc2 Nd3 21. Rb1
Qc6 22. Bd2 Nxg4 23. Kxg4 Nf2+ 24. Kh4 Be7+ 25. Kh5 Bd3 26. Qb3 Bg6# 0-1

[Event "Midland Ch Forrest Cup"]
[Site "Derby"]
[Date "1994.03.19"]
[Round "2"]
[White "Tait, Jonathan A"]
[Black "Hardy, Otto H"]
[Result "1-0"]
[WhiteElo "2096"]
[BlackElo "1928"]
[PlyCount "107"]
[EventDate "1994.03.18"]
[EventType "swiss"]
[EventRounds "6"]
[EventCountry "ENG"]
[SourceTitle "BritBase"]
[Source "John Saunders"]
[SourceDate "2022.11.28"]
[SourceVersion "1"]
[SourceVersionDate "2022.08.23"]
[SourceQuality "1"]

1. f4 e5 2. e4 d5 3. exd5 c6 4. Qe2 cxd5 5. fxe5 Nc6 6. Nf3 d4 7. Qe4 Be6 8.
Bb5 Bd5 9. Qxd4 Bxf3 10. Qxd8+ Kxd8 11. gxf3 Nd4 12. Ba4 Nxf3+ 13. Kf2 Nxe5 14.
d4 Nc6 15. Bf4 Nf6 16. Nc3 a6 17. Rad1 b5 18. Bb3 b4 19. Na4 Bd6 20. Bg5 Ra7
21. c4 bxc3 22. bxc3 Re7 23. Bxf6 gxf6 24. Rde1 Rg8 25. Rxe7 Kxe7 26. Nb6 Kf8
27. Nc4 Bb8 28. Ne3 Ne7 29. Bc2 Rg5 30. h4 Ra5 31. a4 Rh5 32. Bd1 Ra5 33. Kf3
f5 34. Ke2 f4 35. Nc4 Rd5 36. Kd3 Rd8 37. Bf3 Nf5 38. h5 Re8 39. Rb1 Nh4 40.
Be4 f5 41. Bc6 Rc8 42. Bb7 Re8 43. Rh1 Re7 44. Bc6 f3 45. Rxh4 f2 46. Bg2 Re1
47. Nd2 Bg3 48. Rh1 Ke7 49. Rf1 Kf6 50. c4 Kg5 51. c5 Kg4 52. d5 Re5 53. Nc4
Rxd5+ 54. Bxd5 1-0

[Event "Midland Ch Forrest Cup"]
[Site "Derby"]
[Date "1994.03.19"]
[Round "2"]
[White "Walton, Jonathan S"]
[Black "Dyce, Andrew"]
[Result "1/2-1/2"]
[WhiteElo "2104"]
[BlackElo "1904"]
[PlyCount "95"]
[EventDate "1994.03.18"]
[EventType "swiss"]
[EventRounds "6"]
[EventCountry "ENG"]
[SourceTitle "BritBase"]
[Source "John Saunders"]
[SourceDate "2022.11.28"]
[SourceVersion "1"]
[SourceVersionDate "2022.08.23"]
[SourceQuality "1"]

1. d4 Nf6 2. c4 e5 3. dxe5 Ng4 4. Nf3 Bc5 5. e3 Nc6 6. Be2 Ngxe5 7. Bd2 d6 8.
Bc3 O-O 9. Nxe5 dxe5 10. Nd2 Bf5 11. Qa4 Qe7 12. a3 a5 13. Nf3 Rfd8 14. Rd1
Rxd1+ 15. Qxd1 Rd8 16. Qa4 h6 17. Qb5 e4 18. Nd4 Bxd4 19. exd4 Qg5 20. d5 Qc1+
21. Bd1 Bg4 22. O-O Bxd1 23. dxc6 b6 24. Qe5 Qg5 25. Qxc7 Bf3 26. Qg3 Qxg3 27.
hxg3 Be2 28. Re1 Bd3 29. Be5 Rc8 30. c7 f6 31. Bd4 Rxc7 32. Bxb6 Rxc4 33. Bxa5
Rc2 34. Bc3 f5 35. a4 Ba6 36. g4 g6 37. gxf5 gxf5 38. g4 fxg4 39. Rxe4 h5 40.
a5 Re2 41. Rb4 Kf7 42. Rf4+ Ke7 43. Rf5 h4 44. Rf4 g3 45. Bf6+ Ke8 46. Bxh4
gxf2+ 47. Rxf2 Rxf2 48. Bxf2 1/2-1/2

[Event "Midland Ch Forrest Cup"]
[Site "Derby"]
[Date "1994.03.19"]
[Round "2"]
[White "Webster, Richard J"]
[Black "Newton, Robert"]
[Result "0-1"]
[WhiteElo "155"]
[BlackElo "2056"]
[PlyCount "46"]
[EventDate "1994.03.18"]
[EventType "swiss"]
[EventRounds "6"]
[EventCountry "ENG"]
[SourceTitle "BritBase"]
[Source "John Saunders"]
[SourceDate "2022.11.28"]
[SourceVersion "1"]
[SourceVersionDate "2022.08.23"]
[SourceQuality "1"]

1. e4 c5 2. Nc3 Nc6 3. g3 g6 4. Bg2 Bg7 5. d3 e6 6. Be3 d6 7. Qd2 a6 8. Rb1 Bd7
9. Nf3 Rc8 10. O-O b5 11. d4 cxd4 12. Nxd4 Nf6 13. Rfd1 Ne5 14. b3 O-O 15. h3
Qc7 16. Nce2 Rfd8 17. f4 Nc6 18. c3 Be8 19. Kh2 Ne7 20. Rbc1 e5 21. Nc2 d5 22.
fxe5 Nxe4 23. Ncd4 $4 (23. Qe1 Bxe5 $19) 23... Nxd2 0-1

[Event "Midland Ch Forrest Cup"]
[Site "Derby"]
[Date "1994.03.19"]
[Round "3"]
[White "Alcock, Michael W"]
[Black "Hebden, Mark L"]
[Result "0-1"]
[WhiteElo "2160"]
[BlackElo "2544"]
[PlyCount "90"]
[EventDate "1994.03.18"]
[EventType "swiss"]
[EventRounds "6"]
[EventCountry "ENG"]
[SourceTitle "BritBase"]
[Source "John Saunders"]
[SourceDate "2022.11.28"]
[SourceVersion "1"]
[SourceVersionDate "2022.08.23"]
[SourceQuality "1"]

1. e4 e5 2. Nf3 Nc6 3. Bb5 a6 4. Ba4 Nf6 5. O-O Be7 6. Bxc6 dxc6 7. Qe1 Nd7 8.
b3 c5 9. Bb2 Bd6 10. a4 Rb8 11. d3 O-O 12. Nbd2 b5 13. Qe2 Re8 14. Rfe1 Nf8 15.
axb5 axb5 16. Nf1 f6 17. Ne3 Ne6 18. Nh4 g6 19. g3 Nd4 20. Qd1 Bf8 21. Nhg2 Bg7
22. f4 exf4 23. Nxf4 f5 24. c3 Ne6 25. Nxe6 Bxe6 26. exf5 gxf5 27. Qh5 b4 28.
Nxf5 Bxf5 29. Qxf5 bxc3 30. Ba3 Bd4+ 31. Kg2 Qd6 32. Re4 Rxe4 33. Qxe4 c6 34.
Qg4+ Qg6 35. Qxg6+ hxg6 36. Bc1 Rxb3 37. Ra6 Rb1 38. Bg5 c2 39. Rxc6 Kf7 40.
Rc7+ Ke6 41. Rc6+ Kf5 42. Bd2 Rd1 43. g4+ Kxg4 44. Rxg6+ Kf5 45. Rg5+ Kf6 0-1

[Event "Midland Ch Forrest Cup"]
[Site "Derby"]
[Date "1994.03.19"]
[Round "3"]
[White "Archer-Lock, Christopher J"]
[Black "Ledger, Dave J"]
[Result "1/2-1/2"]
[WhiteElo "2008"]
[BlackElo "2272"]
[PlyCount "58"]
[EventDate "1994.03.18"]
[EventType "swiss"]
[EventRounds "6"]
[EventCountry "ENG"]
[SourceTitle "BritBase"]
[Source "John Saunders"]
[SourceDate "2022.11.28"]
[SourceVersion "1"]
[SourceVersionDate "2022.08.23"]
[SourceQuality "1"]

1. e4 e5 2. Nf3 Nc6 3. d4 exd4 4. Nxd4 Nf6 5. Nxc6 bxc6 6. Qd4 d5 7. exd5 cxd5
8. Bg5 Be7 9. Bb5+ Bd7 10. Bxd7+ Qxd7 11. O-O O-O 12. Nc3 Qf5 13. Qf4 Qxf4 14.
Bxf4 d4 15. Nb5 Nd5 16. Be5 c5 17. Rfd1 Rfd8 18. c3 a6 19. Nc7 Rac8 20. Nxd5
Rxd5 21. cxd4 f6 22. Bf4 cxd4 23. Rac1 Rxc1 24. Bxc1 Bc5 25. Kf1 Kf7 26. Ke2
Rf5 27. f3 Re5+ 28. Kd3 Ke6 29. Bd2 Kd5 1/2-1/2

[Event "Midland Ch Forrest Cup"]
[Site "Derby"]
[Date "1994.03.19"]
[Round "3"]
[White "Brown, Anthony J"]
[Black "Gilmore, Simon N"]
[Result "1-0"]
[WhiteElo "2000"]
[BlackElo "1920"]
[PlyCount "39"]
[EventDate "1994.03.18"]
[EventType "swiss"]
[EventRounds "6"]
[EventCountry "ENG"]
[SourceTitle "BritBase"]
[Source "John Saunders"]
[SourceDate "2022.11.28"]
[SourceVersion "1"]
[SourceVersionDate "2022.08.23"]
[SourceQuality "1"]

1. e4 e5 2. Bc4 Nc6 3. Nc3 Bc5 4. Qg4 Qf6 5. Nd5 Qxf2+ 6. Kd1 g6 7. Nh3 Qd4 8.
d3 f5 9. Qe2 fxe4 10. Nxc7+ Kd8 11. Nxa8 d5 12. c3 exd3 13. cxd4 dxe2+ 14. Bxe2
Nxd4 15. Bg5+ Ne7 16. Rc1 Bd6 17. Nc7 Nxe2 18. Kxe2 Bg4+ 19. Ke1 Bb4+ 20. Bd2
1-0

[Event "Midland Ch Forrest Cup"]
[Site "Derby"]
[Date "1994.03.19"]
[Round "3"]
[White "Cohen, Aron J"]
[Black "Webster, Richard J"]
[Result "1-0"]
[WhiteElo "2152"]
[BlackElo "155"]
[PlyCount "53"]
[EventDate "1994.03.18"]
[EventType "swiss"]
[EventRounds "6"]
[EventCountry "ENG"]
[SourceTitle "BritBase"]
[Source "John Saunders"]
[SourceDate "2022.11.28"]
[SourceVersion "1"]
[SourceVersionDate "2022.08.23"]
[SourceQuality "1"]

1. e4 d6 2. d4 Nf6 3. Nc3 g6 4. Be3 c6 5. f3 Nbd7 6. Qd2 a6 7. h4 h5 8. Nh3 b5
9. Ng5 Bb7 10. O-O-O Rc8 11. e5 b4 12. Ne2 Nd5 13. e6 fxe6 14. Nf4 Qa5 15. Nxd5
exd5 16. Kb1 c5 17. g3 Bg7 18. Bh3 Bf6 19. Rhe1 c4 20. Qe2 Bc6 21. Bc1 O-O 22.
Be6+ Kg7 23. Qe3 Rb8 24. Nf7 Rh8 25. Nxh8 Rxh8 26. g4 Bxh4 27. Rh1 1-0

[Event "Midland Ch Forrest Cup"]
[Site "Derby"]
[Date "1994.03.19"]
[Round "3"]
[White "Cooper, Lawrence"]
[Black "Cohen, Gerald M"]
[Result "1/2-1/2"]
[WhiteElo "2288"]
[BlackElo "2016"]
[PlyCount "59"]
[EventDate "1994.03.18"]
[EventType "swiss"]
[EventRounds "6"]
[EventCountry "ENG"]
[SourceTitle "BritBase"]
[Source "John Saunders"]
[SourceDate "2022.11.28"]
[SourceVersion "1"]
[SourceVersionDate "2022.08.23"]
[SourceQuality "1"]

1. e4 d6 2. d4 Nf6 3. Nc3 g6 4. Nf3 Bg7 5. Be3 O-O 6. Qd2 c6 7. Bh6 b5 8. Bd3
Bg4 9. a4 b4 10. Ne2 a5 11. Ng3 Qb6 12. c3 Nbd7 13. h3 Bxf3 14. gxf3 e5 15. Nf5
Nh5 16. Nxg7 Nxg7 17. Be3 c5 18. dxe5 Nxe5 19. Be2 Rab8 20. Rd1 Rfd8 21. f4 Nc6
22. f5 bxc3 23. bxc3 Qb3 24. fxg6 hxg6 25. Ra1 Ne5 26. Bg5 Nc4 27. Qd3 Nb2 28.
Qd2 Nc4 29. Qd3 Nb2 30. Qd2 1/2-1/2

[Event "Midland Ch Forrest Cup"]
[Site "Derby"]
[Date "1994.03.19"]
[Round "3"]
[White "Dyce, Andrew"]
[Black "Barnes, Michael H"]
[Result "1/2-1/2"]
[WhiteElo "1904"]
[BlackElo "2176"]
[PlyCount "43"]
[EventDate "1994.03.18"]
[EventType "swiss"]
[EventRounds "6"]
[EventCountry "ENG"]
[SourceTitle "BritBase"]
[Source "John Saunders"]
[SourceDate "2022.11.28"]
[SourceVersion "1"]
[SourceVersionDate "2022.08.23"]
[SourceQuality "1"]

1. e4 e5 2. Nf3 Nc6 3. Bb5 g6 4. O-O Bg7 5. c3 a6 6. Ba4 d6 7. d4 Bd7 8. Bg5 f6
9. Be3 Nh6 10. dxe5 dxe5 11. Qd5 Qe7 12. Bc5 Qf7 13. c4 O-O-O 14. Qxf7 Nxf7 15.
Nc3 b6 16. Be3 Nd4 17. Bxd4 exd4 18. Bxd7+ Rxd7 19. Nd5 Kb7 20. Rad1 c6 21. Nc3
c5 22. Nd5 1/2-1/2

[Event "Midland Ch Forrest Cup"]
[Site "Derby"]
[Date "1994.03.19"]
[Round "3"]
[White "Edge, John A"]
[Black "Simpson, John W"]
[Result "1/2-1/2"]
[WhiteElo "1864"]
[BlackElo "1992"]
[PlyCount "59"]
[EventDate "1994.03.18"]
[EventType "swiss"]
[EventRounds "6"]
[EventCountry "ENG"]
[SourceTitle "BritBase"]
[Source "John Saunders"]
[SourceDate "2022.11.28"]
[SourceVersion "1"]
[SourceVersionDate "2022.08.23"]
[SourceQuality "1"]

1. e4 e5 2. Nf3 Nc6 3. d4 exd4 4. Bc4 Nf6 5. O-O Bc5 6. e5 d5 7. exf6 dxc4 8.
Re1+ Be6 9. Ng5 Qd5 10. Nc3 Qf5 11. Nce4 gxf6 12. g4 Qg6 13. Nxe6 fxe6 14. Nxc5
e5 15. Nxb7 Rb8 16. Nc5 Rb5 17. Ne6 $6 (17. Ne4 $18) 17... Kd7 18. Qf3 Re8 19.
a4 Ra5 20. Bd2 c3 (20... Rxe6) 21. Bxc3 Rxe6 22. Bxa5 Nxa5 23. h3 e4 24. Qe2 (
24. Qf5) 24... Nc6 25. Rad1 f5 26. f4 h5 27. g5 Rd6 28. Qb5 Qe6 29. b4 Rd5 30.
Qe2 1/2-1/2

[Event "Midland Ch Forrest Cup"]
[Site "Derby"]
[Date "1994.03.19"]
[Round "3"]
[White "Grinsell, Lee A"]
[Black "Tait, Jonathan A"]
[Result "1/2-1/2"]
[WhiteElo "1984"]
[BlackElo "2096"]
[PlyCount "67"]
[EventDate "1994.03.18"]
[EventType "swiss"]
[EventRounds "6"]
[EventCountry "ENG"]
[SourceTitle "BritBase"]
[Source "John Saunders"]
[SourceDate "2022.11.28"]
[SourceVersion "1"]
[SourceVersionDate "2022.08.23"]
[SourceQuality "1"]

1. e4 e5 2. Nf3 Nc6 3. Bc4 Nf6 4. d3 Bc5 5. Nc3 h6 6. Be3 Bb6 7. Bb3 d6 8. Qe2
Bd7 9. a3 Na5 10. Ba2 c5 11. Nd5 Nc6 12. c3 Nxd5 13. Bxd5 Qe7 14. b4 O-O 15.
O-O Rac8 16. Nd2 Be6 17. Nc4 Bxd5 18. exd5 Nb8 19. a4 Nd7 20. a5 Bd8 21. Qf3 f5
22. Rfb1 f4 23. Bd2 cxb4 24. Rxb4 Nc5 25. Rab1 Rc7 26. Qh3 Rf7 27. d4 exd4 28.
cxd4 Na6 29. Ra4 Qd7 30. Qxd7 Rcxd7 31. g3 fxg3 32. hxg3 Be7 33. Kg2 Bf8 34.
Ne3 1/2-1/2

[Event "Midland Ch Forrest Cup"]
[Site "Derby"]
[Date "1994.03.19"]
[Round "3"]
[White "Hardy, Otto H"]
[Black "Rose, Kenneth T"]
[Result "0-1"]
[WhiteElo "1928"]
[BlackElo "1928"]
[PlyCount "114"]
[EventDate "1994.03.18"]
[EventType "swiss"]
[EventRounds "6"]
[EventCountry "ENG"]
[SourceTitle "BritBase"]
[Source "John Saunders"]
[SourceDate "2022.11.28"]
[SourceVersion "1"]
[SourceVersionDate "2022.08.23"]
[SourceQuality "1"]

1. e4 e6 2. d3 c5 3. Nf3 Nc6 4. Nbd2 g6 5. c3 Bg7 6. Be2 Nge7 7. O-O d5 8. Re1
O-O 9. Bf1 Qc7 10. a3 b6 11. Rb1 Bb7 12. Qc2 Rac8 13. g3 Rfd8 14. Bh3 Ba6 15.
c4 dxc4 16. dxc4 Nd4 17. Qa4 Bb7 18. b4 cxb4 19. axb4 Nxf3+ 20. Nxf3 Qxc4 21.
Qxa7 $2 (21. Bg5 $11) 21... Bxe4 22. Nd2 Rxd2 23. Bxd2 Bxb1 24. Qxe7 Qd3 25.
Bf4 Ba2 26. Qb7 Qc3 27. Rc1 Qxc1+ 28. Bxc1 Rxc1+ 29. Bf1 Bc4 30. Qc8+ Bf8 31.
Qxc4 Rxc4 32. Bxc4 Bxb4 33. Kf1 Kf8 34. Ke2 Ke7 35. f4 h5 36. h3 Kd6 37. Bb5
Bc3 38. Kf3 e5 39. h4 exf4 40. gxf4 Be1 41. f5 gxf5 42. Kf4 Bxh4 43. Kxf5 Kc5
44. Be8 f6 45. Ke4 b5 46. Kd3 Bg3 47. Bxh5 Be5 48. Kc2 f5 49. Kb3 b4 50. Bf3
Bc3 51. Bb7 Kd4 52. Kc2 Ke3 53. Bd5 f4 54. Kd1 f3 55. Bc4 f2 56. Kc2 Kf3 57.
Bd5+ Ke2 0-1

[Event "Midland Ch Forrest Cup"]
[Site "Derby"]
[Date "1994.03.19"]
[Round "3"]
[White "Herrington, Jerry"]
[Black "Walton, Jonathan S"]
[Result "0-1"]
[WhiteElo "1816"]
[BlackElo "2104"]
[PlyCount "90"]
[EventDate "1994.03.18"]
[EventType "swiss"]
[EventRounds "6"]
[EventCountry "ENG"]
[SourceTitle "BritBase"]
[Source "John Saunders"]
[SourceDate "2022.11.28"]
[SourceVersion "1"]
[SourceVersionDate "2022.08.23"]
[SourceQuality "1"]

1. d4 Nf6 2. Bg5 d6 3. c4 Ne4 4. Bf4 c5 5. dxc5 Qa5+ 6. Nd2 dxc5 7. f3 Nf6 8.
e4 Nc6 9. Ne2 e5 10. Be3 Be7 11. Nc3 Nd4 12. Nb3 Qb4 13. Bd3 Be6 14. Bd2 Qb6
15. O-O Rd8 16. Nd5 Qd6 17. Nxd4 exd4 18. Qa4+ Bd7 19. Qxa7 Nxd5 20. exd5 O-O
21. Ba5 Ra8 22. Qb6 Qf4 23. Rad1 Bd6 24. g3 Qe3+ 25. Kg2 Qh6 26. Be1 Bh3+ 27.
Kg1 Bxf1 28. Bxf1 Rxa2 29. Bd2 Qf6 30. f4 Rb8 31. Bd3 Ra6 32. Qb3 g6 33. Re1
Qd8 34. Qc2 Qd7 35. Bc1 Re8 36. Rf1 Qa4 37. Qf2 Qb3 38. Qf3 Ra1 39. f5 Rxc1 40.
Rxc1 Re3 41. Qg4 Qxd3 42. fxg6 hxg6 43. Rf1 Re2 44. b3 Qe3+ 45. Kh1 d3 0-1

[Event "Midland Ch Forrest Cup"]
[Site "Derby"]
[Date "1994.03.19"]
[Round "3"]
[White "Ledger, Stephen C"]
[Black "Fisher, Roy C"]
[Result "1/2-1/2"]
[WhiteElo "2088"]
[BlackElo "1728"]
[PlyCount "62"]
[EventDate "1994.03.18"]
[EventType "swiss"]
[EventRounds "6"]
[EventCountry "ENG"]
[SourceTitle "BritBase"]
[Source "John Saunders"]
[SourceDate "2022.11.28"]
[SourceVersion "1"]
[SourceVersionDate "2022.08.23"]
[SourceQuality "1"]

1. d4 d5 2. Nf3 Nf6 3. Bf4 Bf5 4. e3 e6 5. h3 h6 6. Nbd2 Bd6 7. Ne5 Bxe5 8.
Bxe5 Nbd7 9. Bh2 O-O 10. c4 c6 11. Be2 Re8 12. O-O Rc8 13. Qb3 Qb6 14. c5 Qxb3
15. Nxb3 e5 16. Na5 Rc7 17. Rac1 g5 18. g4 Bg6 19. b4 a6 20. Rfe1 Nh7 21. dxe5
Nxe5 22. f4 gxf4 23. exf4 Nd3 24. Bxd3 Rxe1+ 25. Rxe1 Bxd3 26. Re8+ Kg7 27. f5
Rd7 28. Bd6 Ng5 29. Kh2 Ne4 30. Bf8+ Kh7 31. Rb8 Bc2 1/2-1/2

[Event "Midland Ch Forrest Cup"]
[Site "Derby"]
[Date "1994.03.19"]
[Round "3"]
[White "McSheehy, Nigel AP"]
[Black "Downes, D."]
[Result "1/2-1/2"]
[WhiteElo "1992"]
[BlackElo "1952"]
[PlyCount "71"]
[EventDate "1994.03.18"]
[EventType "swiss"]
[EventRounds "6"]
[EventCountry "ENG"]
[SourceTitle "BritBase"]
[Source "John Saunders"]
[SourceDate "2022.11.28"]
[SourceVersion "1"]
[SourceVersionDate "2022.08.23"]
[SourceQuality "1"]

1. d4 Nf6 2. c4 e6 3. g3 d5 4. Bg2 c6 5. Nf3 Be7 6. O-O O-O 7. Qc2 Nbd7 8. Nbd2
Qc7 9. e4 dxe4 10. Nxe4 e5 11. dxe5 Nxe5 12. Nfg5 Nxe4 13. Qxe4 f5 14. Qc2 h6
15. Nh3 Bf6 16. Bf4 Qf7 17. Rac1 Be6 18. b3 Rad8 19. Rcd1 g5 20. Be3 b6 21. Kh1
Qh5 22. f4 Ng4 23. Bg1 c5 24. Rde1 Bc8 25. Nf2 Nxf2+ 26. Qxf2 g4 27. Qc2 Qf7
28. Rd1 Kg7 29. Rfe1 Rfe8 30. Bf2 Kg6 31. Rxe8 Rxe8 32. Re1 Bb7 33. Rxe8 Bxg2+
34. Kxg2 Qxe8 35. Qd3 Qe6 36. Kg1 1/2-1/2

[Event "Midland Ch Forrest Cup"]
[Site "Derby"]
[Date "1994.03.19"]
[Round "3"]
[White "Moss, Neil"]
[Black "Jackson, Oliver A"]
[Result "0-1"]
[WhiteElo "1984"]
[BlackElo "2176"]
[PlyCount "46"]
[EventDate "1994.03.18"]
[EventType "swiss"]
[EventRounds "6"]
[EventCountry "ENG"]
[SourceTitle "BritBase"]
[Source "John Saunders"]
[SourceDate "2022.11.28"]
[SourceVersion "1"]
[SourceVersionDate "2022.08.23"]
[SourceQuality "1"]

1. d4 Nf6 2. Bg5 Ne4 3. Bh4 c5 4. f3 g5 5. fxe4 gxh4 6. e3 Bh6 7. Kf2 O-O 8.
Qh5 Qb6 9. Qxc5 f5 10. Qc4+ Kh8 11. exf5 d5 12. Qb3 Rxf5+ 13. Nf3 Qe6 14. Nbd2
Nd7 15. c4 Nf6 16. cxd5 Bxe3+ 17. Ke1 Nxd5 18. Be2 Bd7 19. Nc4 h3 20. Nh4 Bf2+
21. Kd1 Bxh4 22. Bg4 hxg2 23. Rg1 Rf1+ 0-1

[Event "Midland Ch Forrest Cup"]
[Site "Derby"]
[Date "1994.03.19"]
[Round "3"]
[White "Newton, Robert"]
[Black "Burke, Steven J"]
[Result "1-0"]
[WhiteElo "2056"]
[BlackElo "1968"]
[PlyCount "75"]
[EventDate "1994.03.18"]
[EventType "swiss"]
[EventRounds "6"]
[EventCountry "ENG"]
[SourceTitle "BritBase"]
[Source "John Saunders"]
[SourceDate "2022.11.28"]
[SourceVersion "1"]
[SourceVersionDate "2022.08.23"]
[SourceQuality "1"]

1. d4 Nf6 2. c4 g6 3. Nc3 Bg7 4. e4 d6 5. f3 a6 6. Bd3 Nc6 7. Nge2 e5 8. d5 Ne7
9. Bg5 h6 10. Be3 O-O 11. Qd2 Kh7 12. g4 Nfg8 13. h4 Bd7 14. O-O-O c5 15. dxc6
Bxc6 16. Bc2 Nc8 17. c5 Qa5 18. f4 dxc5 19. f5 Nb6 20. Qd6 Nc4 21. Qxc5 b5 22.
fxg6+ fxg6 23. h5 Nxe3 24. hxg6+ Kxg6 25. Rd6+ Kh7 26. Qxe3 Rf6 27. Rxf6 Nxf6
28. g5 Ng8 29. Ng3 b4 30. Nd5 Qxa2 31. Bb3 Qa1+ 32. Kc2 Qa5 33. Nf6+ Bxf6 34.
gxf6 Ba4 35. f7 Qc7+ 36. Kb1 Bxb3 37. fxg8=Q+ Kxg8 38. Qxb3+ 1-0

[Event "Midland Ch Forrest Cup"]
[Site "Derby"]
[Date "1994.03.19"]
[Round "3"]
[White "Phillips, Alan"]
[Black "Escott, Keith L"]
[Result "1/2-1/2"]
[WhiteElo "1992"]
[BlackElo "2000"]
[PlyCount "43"]
[EventDate "1994.03.18"]
[EventType "swiss"]
[EventRounds "6"]
[EventCountry "ENG"]
[SourceTitle "BritBase"]
[Source "John Saunders"]
[SourceDate "2022.11.28"]
[SourceVersion "1"]
[SourceVersionDate "2022.08.23"]
[SourceQuality "1"]

1. g3 e5 2. Bg2 Nc6 3. d3 g6 4. c4 Bg7 5. Nc3 d6 6. Nd5 Be6 7. Nf3 Qc8 8. O-O
Nd8 9. Ng5 Bd7 10. Ne4 f5 11. Ng5 c6 12. Nc3 h6 13. Nf3 g5 14. e3 Ne7 15. Ne1
O-O 16. f4 Ne6 17. Ne2 Be8 18. Rb1 Bh5 19. Bf3 Bxf3 20. Nxf3 Ng6 21. Bd2 Qd8
22. Qc2 1/2-1/2

[Event "Midland Ch Forrest Cup"]
[Site "Derby"]
[Date "1994.03.19"]
[Round "4"]
[White "Burke, Steven J"]
[Black "Phillips, Alan"]
[Result "1/2-1/2"]
[WhiteElo "1968"]
[BlackElo "1992"]
[PlyCount "43"]
[EventDate "1994.03.18"]
[EventType "swiss"]
[EventRounds "6"]
[EventCountry "ENG"]
[SourceTitle "BritBase"]
[Source "John Saunders"]
[SourceDate "2022.11.28"]
[SourceVersion "1"]
[SourceVersionDate "2022.08.23"]
[SourceQuality "1"]

1. e4 e5 2. f4 Nf6 3. fxe5 Nxe4 4. Nf3 Ng5 5. d4 Nxf3+ 6. Qxf3 Qh4+ 7. Qf2
Qxf2+ 8. Kxf2 Nc6 9. c3 d6 10. exd6 Bxd6 11. b3 O-O 12. Na3 a6 13. Nc4 Be7 14.
Bf4 b5 15. Ne3 Bd6 16. Bxd6 cxd6 17. Be2 Rb8 18. Bf3 Bd7 19. Bxc6 Bxc6 20. Nf5
Rb6 21. Rhe1 Ba8 22. Re3 1/2-1/2